[Event "Karelia-ch"]
[Site "Petrozavodsk"]
[Date "2014.02.22"]
[Round "8"]
[White "Kamalov, Sharip"]
[Black "Gudkov, Gennady I"]
[Result "0-1"]
[WhiteElo "2124"]
[BlackElo "2122"]
[PlyCount "60"]
[EventDate "2014.02.18"]
[EventType "swiss"]
[EventRounds "9"]
[EventCountry "RUS"]
[SourceTitle "EXT 2016"]
[Source "ChessBase"]
[SourceDate "2015.10.08"]
[SourceVersion "1"]
[SourceVersionDate "2015.10.08"]
[SourceQuality "1"]

1. e4 c5 2. Nf3 d6 3. Bc4 e6 4. Nc3 Nc6 5. a3 Nf6 6. d3 Be7 7. h3 d5 8. exd5 exd5 9. Ba2 0-0 10. 0-0 h6 11. Bf4 Bf5 12. Re1 a6 13. Ne5 Nd4 14. Ne2 Ne6 15. Bh2 Qb6 16. Ng3 Bh7 17. Nh5 Rad8 18. Nxf6+ Bxf6 19. Qg4 Nd4 20. Nd7 Rxd7 21. Qxd7 Nxc2 22. Re8 Bxd3 23. Rxf8+ Kxf8 24. Qxd5 Bg6 25. Rd1 Qxb2 26. Bd6+ Kg8 27. Bxc5 Nxa3 28. f4 Nb5 29. f5 Nc3 30. Bd4 Bxd4+ 0-1

[Event "Karelia-ch"]
[Site "Petrozavodsk"]
[Date "2014.02.19"]
[Round "3"]
[White "Loboda, Alexey M"]
[Black "Kamalov, Sharip"]
[Result "0-1"]
[WhiteElo "1858"]
[BlackElo "2124"]
[PlyCount "66"]
[EventDate "2014.02.18"]
[EventType "swiss"]
[EventRounds "9"]
[EventCountry "RUS"]
[SourceTitle "EXT 2016"]
[Source "ChessBase"]
[SourceDate "2015.10.08"]
[SourceVersion "1"]
[SourceVersionDate "2015.10.08"]
[SourceQuality "1"]

1. e4 c6 2. Nf3 d5 3. exd5 cxd5 4. d4 Nc6 5. c3 e6 6. Bd3 Nf6 7. 0-0 h6 8. Re1 Bd6 9. Nbd2 0-0 10. Nf1 Qc7 11. Ng3 b6 12. Bc2 a5 13. Nh4 Bf4 14. Bxf4 Qxf4 15. Nf3 Ba6 16. Ne5 Nxe5 17. dxe5 Nd7 18. Nh5 Qg5 19. f4 Qh4 20. Re3 g6 21. Rh3 Qe7 22. Qg4 Kh8 23. Ng3 Kg7 24. Re1 Qc5+ 25. Kh1 Qf2 26. Qd1 Rh8 27. Qc1 Rac8 28. Nf1 d4 29. Rf3 Qh4 30. cxd4 Rxc2 31. Qxc2 Qxe1 32. Qf2 Qxf2 33. Rxf2 Rc8 0-1

[Event "Zhukovsky-A"]
[Site "Zhukovsky"]
[Date "2007.01.03"]
[Round "2"]
[White "Rybakov, Sergey"]
[Black "Kamalov, Sharip"]
[Result "1/2-1/2"]
[WhiteElo "2136"]
[BlackElo "2162"]
[PlyCount "60"]
[EventDate "2007.01.03"]
[EventType "tourn"]
[EventRounds "11"]
[EventCountry "RUS"]
[SourceTitle "EXT 2010"]
[Source "ChessBase"]
[SourceDate "2010.11.25"]
[SourceVersion "1"]
[SourceVersionDate "2010.11.25"]
[SourceQuality "1"]

1. Nf3 Nf6 2. g3 g6 3. Bg2 Bg7 4. 0-0 0-0 5. c4 d6 6. Nc3 c6 7. d3 Nbd7 8. h3 e5 9. e4 a5 10. Be3 Re8 11. Qe1 Nf8 12. Nh4 Ne6 13. f4 Nd4 14. Qf2 Qe7 15. Rad1 a4 16. Rd2 b5 17. cxb5 Nxb5 18. Nxb5 cxb5 19. Rc2 Qb7 20. fxe5 dxe5 21. Bg5 Nh5 22. d4 f6 23. Bd2 Be6 24. g4 Nf4 25. Bxf4 exf4 26. Rfc1 Rac8 27. d5 Bf7 28. Nf3 Bf8 29. Nd4 Rxc2 30. Rxc2 Bd6 1/2-1/2